000 00881nam a2200289#a 4500
001 01086
003 HDC
007 ta
008 230623s2004 xx 000 0 eng d
020 _a0851993699 (hbk.).
040 _aHDC
050 _aref SF 94.65
_b .E53 2004
245 4 _aThe encyclopedia of farm animal nutrition /
_ceditor-in-chief, M.F. Fuller ; section editors, N.J. Benevenga ... [et al.].
264 _aCambridge, MA :
264 _aWallingford, Oxon
_bCABI Pub.,
_cc2004.
300 _axiii,606p. :
_b ill. ;
_c 25cm.
500 _aIncludes bibliographical references.
650 _aAnimal Feed
_vEncyclopedias.
650 _aAnimal feeding
_vEncyclopedias.
650 _aAnimal nutrition
_vEncyclopedias.
650 _aFeeds
_vEncyclopedias.
700 _aFuller, M. F.
942 _2lcc
942 _cBK
942 _kref SF 94.65
942 _m .E53 2004
999 _c24234
_d24234